Robin Cook Novels Quiz Stats

 Plays Quiz not verified by Sporcle

Challenge
Share
Tweet
Embed
Score 0/32 Timer 07:00
0 Plays Today
Year Novel % Correct
1977Coma
81.8%
1998Toxin
54.5%
1979Sphinx
50%
1989Mutation
50%
1994Acceptable Risk
50%
1997Invasion
50%
1999Vector
50%
2001Shock
50%
1972Year of the Intern
45.5%
1981Brain
45.5%
1983Godplayer
45.5%
1995Contagion
45.5%
1982Fever
40.9%
1987Outbreak
40.9%
1988Mortal Fear
40.9%
2000Abduction
40.9%
Year Novel % Correct
1985Mindbend
36.4%
1991Vital Signs
36.4%
1993Terminal
36.4%
1997Chromosome 6
36.4%
2003Seizure
36.4%
2012Nano
33.3%
2005Marker
31.8%
1990Harmful Intent
27.3%
1992Blindsight
27.3%
1994Fatal Cure
27.3%
2006Crisis
27.3%
2010Cure
27.3%
2007Critical
22.7%
2008Foreign Body
22.7%
2009Intervention
18.2%
2011Death Benefit
11.1%

You're not logged in!

Compare scores with friends on all Sporcle quizzes.
Join for Free
OR
Log In

You Might Also Like...

Show Comments

Extras

Top Quizzes Today


Score Distribution

Your Account Isn't Verified!

In order to create a playlist on Sporcle, you need to verify the email address you used during registration. Go to your Sporcle Settings to finish the process.

Report this User

Report this user for behavior that violates our Community Guidelines.

Details: